01500nam a2200277 a 450000100100000000500170001000800410002704000250006808200180009310000480011124501300015926000450028930000200033450000630035450400360041765000380045365000390049170000420053004900090057295201300058195201300071195201300084195201150097195201210108699900150120700000612420200929151935.0090826s2006 dr 000 0 spa d aDO-SdBNPbspacBNPHU a306.89bP438d1 aPérez de Santana, María Victoria91723610aDespués del divorcio :b¿qué hacer con los hijos? /cMaría Victoria Pérez de Santana, María Estela Antoine Peña. aSanto Domingo :bAmigo del Hogar,c2006. a75 p. ;c22 cm. aIncluye datos biográficos de las autoras en las solapas. aIncluye bibliografías (p. 75) 4aDivorcioxAspectos morales917237 4aDivorcioxAspectos sociales9129711 aAntoine Peña, María Estela917238 aBNPD 001052708DSaGRbGRcCTd2010-01-29iLF1l0o306.89 P438dp6124-30r2020-06-25te. 3w2020-06-25yLFDSZPréstamo interno 001052708DSaGRbGRcCTd2010-01-29iLF1l0o306.89 P438dp6124-40r2020-06-25te. 4w2020-06-25yLFDSZPréstamo interno 001052708DSaGRbGRcCTd2010-01-29iLF1l0o306.89 P438dp6124-50r2020-06-25te. 5w2020-06-25yLFDSZPréstamo interno 0010718PDaPDbPDcCTd2009-08-26iLF1l0o306.89 P438dp6124-10r2020-06-25w2020-06-25yLFPDZNo se presta 0010718PDaPDbPDcCTd2009-08-26iLF1l0o306.89 P438dp6124-20r2020-06-25te. 2w2020-06-25yLFPDZNo se presta c5920d5920